Korózne vlastnosti materiálov vhodných pre akumuláciu tepla
Na minha lista:
| Autor principal: | |
|---|---|
| Outros Autores: | |
| Formato: | Manuscrito Livro |
| Idioma: | eslovaco |
| Publicado em: |
2015
|
| Assuntos: | |
| Acesso em linha: | http://is.stuba.sk/zp/portal_zp.pl?podrobnosti=101752 |
| Tags: |
Sem tags, seja o primeiro a adicionar uma tag!
|
MARC
| LEADER | 00000ntm a22000003a 4500 | ||
|---|---|---|---|
| 001 | stuzp52331 | ||
| 003 | SK-STU | ||
| 005 | 20160719154134.3 | ||
| 007 | ta | ||
| 008 | 150427s2015----xo-----f-mn---000-0-slo-d | ||
| 040 | |a STU |b slo | ||
| 041 | 0 | |a slo | |
| 100 | 1 | |a Šoška, Peter |u 042120 |4 aut |U FCHPT Ústav anorganickej chémie, technológie a materiálov |T FCHPT Oddelenie anorganickej technológie |X 61195 |U C2120 |Y 111 |7 61195 | |
| 242 | 0 | 1 | |a Corrosion Properties of Materials Suitable for Heat Accumulation |y eng |
| 245 | 1 | 0 | |a Korózne vlastnosti materiálov vhodných pre akumuláciu tepla |
| 260 | |c 2015 | ||
| 650 | 4 | |a dusičnan horečnatý |2 slo | |
| 650 | 4 | |a korózia medi |2 slo | |
| 650 | 4 | |a korózia ocele |2 slo | |
| 650 | 4 | |a akumulácia tepelnej energie |2 slo | |
| 650 | 4 | |a korózia hliníka |2 slo | |
| 650 | 4 | |a corrosion of aluminum |2 eng | |
| 650 | 4 | |a corrosion of steel |2 eng | |
| 650 | 4 | |a heat energy accumulation |2 eng | |
| 650 | 4 | |a corrosion of copper |2 eng | |
| 650 | 4 | |a magnesium nitrate |2 eng | |
| 700 | 1 | |a Danielik, Vladimír |4 ths |X 3984 |7 A000003984 | |
| 856 | 4 | |u http://is.stuba.sk/zp/portal_zp.pl?podrobnosti=101752 | |
| SQL | |a stuzp52331 |b DBP |c SLO |d Korózne vlastnosti materiálov vhodných pre akumuláciu tepla |e 61195 |f Šoška, Peter |g 042120 |h 3984 |i Danielik, Vladimír |j 20150714 |k 753 |l 04 |m http://is.stuba.sk/zp/portal_zp.pl?podrobnosti=101752 |n B-CHEMAT |o 4.1.14. chémia, 5.2.18. chemické technológie | ||